000
00238nam a2200097Ia 4500
001
681565
005
20250826161402.0
008
250824s9999 xx 000 0 und d
245
0
_a
YALNIZ EFE
_c
ÖMER SEYFETTİN
260
_b
AKVARYUM YAYINEVİ
999
_c
681565
_d
681565